L'oeuvre de M. de Bismarck (Record no. 167546)

MARC details
000 -LEADER
campo de control de longitud fija 00801nam a22002055i 4500
001 - NÚMERO DE CONTROL
campo de control 167546
003 - IDENTIFICADOR DE NÚMERO DE CONTROL
campo de control ES-MaACL
005 - FECHA Y HORA DE LA ÚLTIMA TRANSACCIÓN
campo de control 20250822063222.0
008 - DATOS DE LONGITUD FIJA--INFORMACIÓN GENERAL
campo de control de longitud fija 000725s1869 fr ab |||| | fre d
040 ## - FUENTE DE CATALOGACIÓN
Centro catalogador/agencia de origen CCPB | B
Lengua de catalogación spa
Centro/agencia transcriptor CCPB | B
100 1# - ENTRADA PRINCIPAL--NOMBRE DE PERSONA
Nombre de persona Vilbort, Joseph,
Fechas asociadas al nombre 1829-1911
9 (RLIN) 133725
245 12 - MENCIÓN DEL TÍTULO
Título L'oeuvre de M. de Bismarck
Resto del título : 1863-1866 : Sadowa et la Campagne des Sept Jours /
Mención de responsabilidad, etc. par J. Vilbort.
260 ## - PUBLICACIÓN, DISTRIBUCIÓN, ETC.
Lugar de publicación, distribución, etc. Paris :
Nombre del editor, distribuidor, etc. Charpentier et C\pie\s, libraires-éditeurs,
Fecha de publicación, distribución, etc. 1869 (
Fabricante Imp. Viéville et Capiomont)
300 ## - DESCRIPCIÓN FÍSICA
Extensión [4], 599 p., [2] h. de map. pleg. ;
Dimensiones 19 cm.
600 14 - PUNTO DE ACCESO ADICIONAL DE MATERIA--NOMBRE DE PERSONA
Nombre de persona Bismarck, Otto
Títulos y otros términos asociados al nombre Fürst von-
Subdivisión general Biografías.
9 (RLIN) 125995
651 ## - PUNTO DE ACCESO ADICIONAL DE MATERIA--NOMBRE GEOGRÁFICO
Nombre geográfico Europa-
Subdivisión general Historia militar.
9 (RLIN) 160675
752 ## - ENTRADA AGREGADA--NOMBRE JERÁRQUICO DEL LUGAR
País o entidad superior Francia -
Ciudad París
852 ## - LOCALIZACIÓN
Ubicación ES-MaACL
Número de control de estantería D-3749
Nota libre -- Enc. hol.
Holdings
Estatus retirado Estado de pérdida Estado de daño No para préstamo Colección Biblioteca de origen Biblioteca actual Ubicación en estantería Fecha de adquisición Fuente de adquisición Total de préstamos Signatura topográfica completa Código de barras Visto por última vez Precio de reemplazo Tipo de ítem Koha
        Libros del s. XIX Biblioteca del Ateneo de Madrid Biblioteca del Ateneo de Madrid Sala Valle Inclán 17/01/2008     D-3749 901175773 23/02/2023 23/02/2023 Libro impreso antiguo